| 000 | 01169nam a2200337 i 4500 | ||
|---|---|---|---|
| 999 |
_c200445082 _d63294 |
||
| 001 | 200445082 | ||
| 003 | TR-AnTOB | ||
| 005 | 20220923143321.0 | ||
| 007 | ta | ||
| 008 | 070522b tu ad 000 0 tur d | ||
| 035 | _a(TR-AnTOB)200445082 | ||
| 040 |
_aTR-AnTOB _beng _erda _cTR-AnTOB |
||
| 041 | 0 | _atur | |
| 050 | 4 |
_aTC927 _b.S85 |
|
| 090 |
_aTC927 _b.S85 |
||
| 245 | 1 | 0 | _aSulamada kullanılan yerli yapı alet ve ekipmanlar. |
| 264 | 1 |
_aAnkara : _bMilli Prodüktivite Merkezi, _c[date of publication not identified] |
|
| 300 |
_a143 pages : _billustrations, tables ; _b24 cm |
||
| 336 |
_atext _btxt _2rdacontent |
||
| 337 |
_aunmediated _bn _2rdamedia |
||
| 338 |
_avolume _bnc _2rdacarrier |
||
| 490 |
_aMilli Prodüktivite Merkezi Yayınları ; _v48 |
||
| 650 | 7 |
_aSulama _xDonanım ve gereçler _2etuturkob _9133975 |
|
| 650 | 7 |
_aSulama ekipmanı endüstrisi _zTürkiye _2etuturkob _9133977 |
|
| 710 | 2 |
_aMilli Prodüktivite Merkezi (Turkey). _bTarım Şubesi _9130325 |
|
| 710 | 2 |
_aMilli Prodüktivite Merkezi (Turkey). _bEndüstri Şubesi _9131968 |
|
| 740 | 0 | 2 | _aMaarif Şurası. |
| 942 |
_2lcc _cBK |
||